| 000 | 00980nam a2200301Ia 4500 | ||
|---|---|---|---|
| 003 | OSt | ||
| 005 | 20221007122027.0 | ||
| 006 | a|||||r|||| 00| 0 | ||
| 007 | ta | ||
| 008 | 221006b |||||||| |||| 00| 0 eng d | ||
| 020 |
_a0878938567 (hbd) _cRs.3813.05 |
||
| 024 | _a76359 | ||
| 037 |
_b158/06-07, 10/01/2007, N R Book Distributors _cTextbook |
||
| 040 |
_aBDL _cBDL _beng |
||
| 041 |
_2eng _aeng |
||
| 082 | _aI:3, N8;P6;3 Carb | ||
| 100 | _aTaiz Lincoln | ||
| 245 | 0 |
_aPlant physiology _b Zeiger Eduardo |
|
| 250 | _a4 | ||
| 260 |
_aSunderland _bSinauer Associates _c2006 |
||
| 300 |
_axxvi,764p. _ccm. |
||
| 500 | _aIncludes bibliographical references; Glossary 707-738p; Index 739-764p | ||
| 650 |
_a Plant physiology _9425556 |
||
| 650 | _aBotany | ||
| 700 | _a Zeiger Eduardo | ||
| 942 |
_hI:3, N8;P6;3 Carb _cTB _2CC |
||
| 999 |
_c1209699 _d1209699 |
||